000 00217nam a2200085Ia 4500
245 0 _aIf it bleeds
100 _a CAMPBELL, Duncan London, 2009
_981763
942 _cBK
008 210817s9999 xx 000 0 und d
999 _c292833
_d292832